书目信息 |
| 题名: |
少林镇门拳
|
|
| 作者: | 武兵 著 | |
| 分册: | ||
| 出版信息: | 北京 人民体育出版社 2007 |
|
| 页数: | 194页 | |
| 开本: | 21cm | |
| 丛书名: | ||
| 单 册: | ||
| 中图分类: | G852.15 | |
| 科图分类: | ||
| 主题词: | 少林拳--基本知识 , 少林拳 | |
| 电子资源: | ||
| ISBN: | 978-7-5009-3172-0 | |
| 000 | 00736nam0 2200241 45 | |
| 001 | 1130670906 | |
| 005 | 20110310094907.43 | |
| 010 | @a978-7-5009-3172-0@dCNY13.00 | |
| 100 | @a20110123d2007 em y0chiy50 ea | |
| 101 | 0 | @achi |
| 102 | @aCN@b110000 | |
| 105 | @aa z 000yy | |
| 106 | @ar | |
| 200 | 1 | @a少林镇门拳@AShao Lin Zhen Men Quan@f武兵著@FWu Bing Zhu |
| 210 | @a北京@c人民体育出版社@d2007 | |
| 215 | @a194页@c图@d21cm | |
| 330 | @a本书内容包括:少林镇门拳基本功法、少林镇门拳套路图解、少林镇门拳实战应用、少林镇门拳名师指点。 | |
| 606 | 0 | @a少林拳@x基本知识 |
| 606 | 0 | @a少林拳 |
| 690 | @aG852.15@v4 | |
| 701 | 0 | @a武兵@AWu Bing@c(武术)@4著 |
| 801 | 0 | @aCN@bTANGWEI@c20110310 |
| 905 | @b0531067-70@dG852.15@e195@f4 | |
| 少林镇门拳/武兵著.-北京:人民体育出版社,2007 |
| 194页:图;21cm |
| ISBN 978-7-5009-3172-0:CNY13.00 |
| 本书内容包括:少林镇门拳基本功法、少林镇门拳套路图解、少林镇门拳实战应用、少林镇门拳名师指点。 |
| ● |
| 相关链接 |
|
|
|
|
正题名:少林镇门拳
索取号:G852.15/195
 
预约/预借
| 序号 | 登录号 | 条形码 | 馆藏地/架位号 | 状态 | 备注 |
| 1 | 0531067 | 205310670 | 第一样本阅览室/ [索取号:G852.15/195] | 在馆 | |
| 2 | 0531068 | 205310689 | 密集书库-体育系/ [索取号:G852.15/195] | 在馆 | |
| 3 | 0531069 | 205310698 | 第四借阅区/ [索取号:G852.15/195] | 在馆 | |
| 4 | 0531070 | 205310705 | 第四借阅区/ [索取号:G852.15/195] | 在馆 |